Rzeki Afryki - Statystyki

Ogólne statystyki
  • Ten quiz został rozwiązany 584 razy
  • Średni wynik to 5 z 10
Statystyki odpowiedzi
Długość (w km) Nazwa rzeki % Poprawnych
6650 Nil
99%
4370 Kongo
90%
4180 Niger
87%
2574 Zambezi
68%
2200 Oranje
47%
1750 Limpopo
44%
1450 Nil Błękitny
33%
1700 Okawango
29%
3700 Nil Biały
27%
2153 Kasai
9%
Nie znaleziono quizów pasujących do podanych kryteriów
Rozkład punktacji
Procent ludzi z każdym wynikiem
Percentyl według liczby udzielonych odpowiedzi
Twoja historia wyników
Nie rozwiązałeś tego quizu